[Event "MVP-ch Seniors op 19th"]
[Site "Ostseebad Binz"]
[Date "2019.12.03"]
[Round "7"]
[White "Barlo, Werner"]
[Black "Ketelsen, Herbert"]
[Result "1-0"]
[WhiteElo "1750"]
[BlackElo "1575"]
[PlyCount "155"]
[EventDate "2019.11.27"]
[EventType "swiss"]
[EventRounds "9"]
[EventCountry "GER"]
[SourceTitle "EXT 2021"]
[Source "ChessBase"]
[SourceDate "2020.10.23"]
[SourceVersion "1"]
[SourceVersionDate "2020.10.23"]
[SourceQuality "1"]

1. Nf3 e6 2. d4 g6 3. c4 Bg7 4. Nc3 Ne7 5. e4 d6 6. Bd3 Nd7 7. Be3 0-0 8. 0-0 b6 9. Qd2 e5 10. Bc2 f5 11. Bg5 f4 12. Nd5 Bf6 13. Nxf6+ Nxf6 14. Bh6 Re8 15. Rad1 Bg4 16. Qd3 Nc6 17. Ba4 Bd7 18. Bxc6 Bxc6 19. d5 Bd7 20. h3 Re7 21. Bg5 Rf7 22. Kh2 Qf8 23. Bxf6 Rxf6 24. a3 a5 25. b4 axb4 26. axb4 Qh6 27. Ra1 Rd8 28. Ra7 Rc8 29. Rfa1 g5 30. Ra8 Rff8 31. Rxc8 Rxc8 32. Ra7 g4 33. Ng1 g3+ 34. fxg3 fxg3+ 35. Qxg3+ Kh8 36. Nf3 Rg8 37. Qh4 Qg6 38. g3 Rc8 39. Ng5 h6 40. Nf3 Qg7 41. b5 Kh7 42. g4 Be8 43. g5 h5 44. Ra1 Bg6 45. Re1 Rf8 46. Qg3 Rf4 47. Nd2 Qf7 48. Re2 h4 49. Qe3 Qe7 50. Rg2 Qf7 51. Kg1 Qf8 52. Rg4 Rf7 53. Rxh4+ Kg7 54. Kg2 Qe7 55. Nf1 Qf8 56. Ng3 Rf4 57. Nh5+ Bxh5 58. Rxh5 Kg6 59. Qe2 Qe7 60. h4 Qd7 61. Rh6+ Kg7 62. Re6 Qf7 63. Rf6 Rxf6 64. gxf6+ Qxf6 65. Qg4+ Qg6 66. Kg3 Kh6 67. Qxg6+ Kxg6 68. Kg4 Kh6 69. h5 Kg7 70. Kg5 Kh7 71. h6 Kg8 72. Kf6 Kh7 73. Ke7 Kxh6 74. Kd7 Kg5 75. Kxc7 Kf4 76. Kxd6 Kxe4 77. Kc6 Kf4 78. d6 1-0

[Event "MVP-ch Seniors op 19th"]
[Site "Ostseebad Binz"]
[Date "2019.11.28"]
[Round "2"]
[White "Giering, Gregor"]
[Black "Ketelsen, Herbert"]
[Result "1-0"]
[WhiteElo "1791"]
[BlackElo "1575"]
[PlyCount "55"]
[EventDate "2019.11.27"]
[EventType "swiss"]
[EventRounds "9"]
[EventCountry "GER"]
[SourceTitle "EXT 2021"]
[Source "ChessBase"]
[SourceDate "2020.10.23"]
[SourceVersion "1"]
[SourceVersionDate "2020.10.23"]
[SourceQuality "1"]

1. b3 d6 2. Bb2 e5 3. e3 Nc6 4. Bb5 Bd7 5. Nf3 Be7 6. 0-0 Nf6 7. Be2 0-0 8. c4 b6 9. d4 exd4 10. exd4 Re8 11. d5 Nb8 12. Nbd2 c6 13. dxc6 Bxc6 14. Qc2 Bf8 15. Bd3 Nbd7 16. Ng5 g6 17. f4 Bg7 18. f5 Nh5 19. Nxf7 Qe7 20. fxg6 h6 21. Rae1 Ne5 22. Nxe5 dxe5 23. Rf7 Qg5 24. Ne4 Qg4 25. Ref1 Nf4 26. R1xf4 Qe6 27. R4f6 Qg4 28. Rxc6 1-0

[Event "MVP-ch Seniors op 18th"]
[Site "Ostseebad Binz"]
[Date "2018.11.28"]
[Round "1"]
[White "Ketelsen, Herbert"]
[Black "Strack Goertsches, Hans Juergen"]
[Result "0-1"]
[WhiteElo "1611"]
[BlackElo "1964"]
[PlyCount "62"]
[EventDate "2018.11.28"]
[EventType "swiss"]
[EventRounds "9"]
[EventCountry "GER"]
[SourceTitle "CBM 188 Extra"]
[Source "ChessBase"]
[SourceDate "2019.02.26"]
[SourceVersion "1"]
[SourceVersionDate "2019.02.26"]
[SourceQuality "1"]

1. d4 e5 2. dxe5 Nc6 3. Nf3 Qe7 4. e3 Nxe5 5. Nbd2 d6 6. Be2 g6 7. b3 Bg7 8. Bb2 Nxf3+ 9. Nxf3 Bxb2 10. Rb1 Bc3+ 11. Nd2 Nf6 12. 0-0 h5 13. Nf3 Ng4 14. Qd3 Bg7 15. Rbd1 Bf5 16. Qb5+ c6 17. Qb4 d5 18. Qd2 Qc7 19. c4 Be4 20. g3 Rd8 21. Qc1 Qe7 22. Nd4 Bxd4 23. Rxd4 Nf6 24. Rfd1 0-0 25. f3 Bf5 26. Qc3 c5 27. R4d2 d4 28. Qc1 Qxe3+ 29. Kg2 b6 30. Re1 Rfe8 31. Kf1 Bh3# 0-1

[Event "MVP-ch Seniors op 17th"]
[Site "Binz"]
[Date "2017.11.30"]
[Round "2.73"]
[White "Ketelsen, Herbert"]
[Black "Mueller, Dietmar"]
[Result "1/2-1/2"]
[WhiteElo "1559"]
[BlackElo "1791"]
[PlyCount "34"]
[EventDate "2017.11.29"]
[EventType "swiss"]
[EventRounds "9"]
[EventCountry "GER"]
[SourceTitle "EXT 2019"]
[Source "ChessBase"]
[SourceDate "2018.10.10"]
[SourceVersion "1"]
[SourceVersionDate "2018.10.10"]
[SourceQuality "1"]

1. d4 Nf6 2. c4 d6 3. Nf3 Nbd7 4. e3 c6 5. Nc3 e5 6. dxe5 Nxe5 7. Nxe5 dxe5 8. Qxd8+ Kxd8 9. Be2 Bb4 10. Bd2 Ke7 11. 0-0 Rd8 12. Rad1 Kf8 13. a3 Be7 14. h3 Bf5 15. Bc1 Ne4 16. Nxe4 Bxe4 17. f3 Bc2 1/2-1/2

[Event "Schleswig Holstein-ch Seniors op 11th"]
[Site "Buesum"]
[Date "2017.09.08"]
[Round "1"]
[White "Ketelsen, Herbert"]
[Black "Urbanek, Paul Gerhard"]
[Result "0-1"]
[WhiteElo "1565"]
[BlackElo "1927"]
[PlyCount "72"]
[EventDate "2017.09.08"]
[EventType "swiss"]
[EventRounds "9"]
[EventCountry "GER"]
[SourceTitle "EXT 2019"]
[Source "ChessBase"]
[SourceDate "2018.10.10"]
[SourceVersion "1"]
[SourceVersionDate "2018.10.10"]
[SourceQuality "1"]

1. d4 Nf6 2. c4 e6 3. Nf3 Be7 4. e3 0-0 5. Bd3 d5 6. c5 Nc6 7. a3 b6 8. b4 bxc5 9. bxc5 Ne4 10. 0-0 Bf6 11. Qc2 Bb7 12. Nbd2 e5 13. Qb2 Nxd2 14. Nxd2 Rb8 15. Nb3 exd4 16. exd4 Ba8 17. Qc3 Qd7 18. Be3 Nd8 19. Rab1 Ne6 20. Nd2 h6 21. h3 Ng5 22. Rxb8 Rxb8 23. Rb1 Re8 24. Bxg5 Bxg5 25. Nf3 Bf6 26. Re1 Rxe1+ 27. Qxe1 Qa4 28. Qc3 Bc6 29. Bc2 Qa6 30. Qb4 Qb5 31. Qc3 g6 32. Qe3 Qb2 33. Bd1 Qa1 34. Qd3 Ba4 35. Kh2 Bxd1 36. Ng1 Qxd4 0-1

[Event "Schleswig Holstein-ch Seniors op 10th"]
[Site "Buesum"]
[Date "2016.09.30"]
[Round "5"]
[White "Engel, Peter"]
[Black "Ketelsen, Herbert"]
[Result "1-0"]
[WhiteElo "1466"]
[BlackElo "1649"]
[PlyCount "69"]
[EventDate "2016.09.26"]
[EventType "swiss"]
[EventRounds "9"]
[EventCountry "GER"]
[SourceTitle "EXT 2019"]
[Source "ChessBase"]
[SourceDate "2018.10.10"]
[SourceVersion "1"]
[SourceVersionDate "2018.10.10"]
[SourceQuality "1"]

1. e4 c5 2. Nf3 Nc6 3. d4 e6 4. Be3 Nf6 5. Nc3 Qb6 6. Rb1 cxd4 7. Bxd4 Nxd4 8. Nxd4 Bc5 9. Nce2 Nxe4 10. Qd3 Nf6 11. c3 e5 12. b4 Be7 13. Nf5 Bf8 14. Neg3 g6 15. Ne3 Bg7 16. Be2 0-0 17. 0-0 Qe6 18. Qd2 b6 19. Bc4 Qc6 20. Bd5 Nxd5 21. Nxd5 Re8 22. b5 Qd6 23. Ne4 Qb8 24. Nef6+ Kf8 25. Nxe8 Kxe8 26. Qg5 Qd6 27. Rbd1 f6 28. Qh4 h6 29. Rfe1 Kf7 30. Qc4 Qc5 31. Qb3 Kf8 32. Ne3 Qc7 33. Nc4 Bb7 34. Nd6 Rd8 35. Qf7# 1-0

[Event "Schleswig Holstein-ch Seniors op 9th"]
[Site "Buesum"]
[Date "2015.10.06"]
[Round "8"]
[White "Ketelsen, Herbert"]
[Black "Schumacher, Ursula"]
[Result "1-0"]
[WhiteElo "1194"]
[BlackElo "1670"]
[PlyCount "59"]
[EventDate "2015.09.28"]
[EventType "swiss"]
[EventRounds "9"]
[EventCountry "GER"]
[SourceTitle "EXT 2018"]
[Source "ChessBase"]
[SourceDate "2017.10.13"]
[SourceVersion "1"]
[SourceVersionDate "2017.10.13"]
[SourceQuality "1"]

1. d4 c6 2. c4 d5 3. b3 Nf6 4. Bb2 Bf5 5. Nf3 e6 6. e3 h6 7. Be2 Nbd7 8. 0-0 Be7 9. Nbd2 0-0 10. Rc1 b6 11. cxd5 cxd5 12. Bb5 a6 13. Bxd7 Nxd7 14. Re1 Bf6 15. e4 dxe4 16. Nxe4 Qe7 17. h3 Bxe4 18. Rxe4 Rac8 19. Rxc8 Rxc8 20. Qe2 b5 21. d5 Bxb2 22. Qxb2 Nc5 23. Rg4 f6 24. dxe6 Nxe6 25. Nh4 Ng5 26. Qd4 Qe1+ 27. Kh2 Qe5+ 28. Qxe5 fxe5 29. Nf5 Kf7 30. Nd6+ 1-0

[Event "Schleswig Holstein-ch Seniors op 9th"]
[Site "Buesum"]
[Date "2015.10.01"]
[Round "4"]
[White "Ketelsen, Herbert"]
[Black "Ungar, Benedict"]
[Result "0-1"]
[WhiteElo "1194"]
[BlackElo "1690"]
[PlyCount "102"]
[EventDate "2015.09.28"]
[EventType "swiss"]
[EventRounds "9"]
[EventCountry "GER"]
[SourceTitle "EXT 2018"]
[Source "ChessBase"]
[SourceDate "2017.10.13"]
[SourceVersion "1"]
[SourceVersionDate "2017.10.13"]
[SourceQuality "1"]

1. d4 Nc6 2. c4 e5 3. Nf3 exd4 4. Nxd4 Bc5 5. e3 Qf6 6. Nxc6 dxc6 7. Nc3 Ne7 8. Ne4 Bb4+ 9. Nd2 0-0 10. Be2 Rd8 11. 0-0 Bxd2 12. Bxd2 Qxb2 13. Bc3 Rxd1 14. Bxb2 Rxf1+ 15. Kxf1 Be6 16. Rd1 f6 17. Rd4 Nf5 18. Re4 Kf7 19. h3 Rd8 20. Bc3 c5 21. a3 Rd6 22. g4 Ne7 23. h4 Ra6 24. g5 Rxa3 25. Be1 Bh3+ 26. Kg1 Ra1 27. gxf6 gxf6 28. Bh5+ Ng6 29. Kh2 Rxe1 30. Kxh3 f5 31. Bxg6+ hxg6 32. Re5 b6 33. Rd5 Ke6 34. Rd8 Rg1 35. Ra8 a5 36. Rg8 Rg4 37. f3 Rxc4 38. Rxg6+ Kd5 39. h5 Rc1 40. Kg2 Rc2+ 41. Kg3 Rc1 42. Kf4 a4 43. h6 Rh1 44. Kxf5 a3 45. e4+ Kc4 46. Rg2 Rxh6 47. e5 Kb3 48. e6 a2 49. Rxa2 Kxa2 50. e7 Rh8 51. Ke6 c4 0-1

[Event "Schleswig Holstein-ch Seniors op 9th"]
[Site "Buesum"]
[Date "2015.09.30"]
[Round "3"]
[White "Zechel, Rolf Ruediger"]
[Black "Ketelsen, Herbert"]
[Result "1/2-1/2"]
[WhiteElo "1645"]
[BlackElo "1194"]
[PlyCount "48"]
[EventDate "2015.09.28"]
[EventType "swiss"]
[EventRounds "9"]
[EventCountry "GER"]
[SourceTitle "EXT 2018"]
[Source "ChessBase"]
[SourceDate "2017.10.13"]
[SourceVersion "1"]
[SourceVersionDate "2017.10.13"]
[SourceQuality "1"]

1. d4 e6 2. c4 d5 3. cxd5 exd5 4. Nc3 Nf6 5. Bg5 Be7 6. Nf3 0-0 7. e3 b6 8. Bd3 Nbd7 9. Qc2 Bb7 10. 0-0 g6 11. a3 c5 12. Rac1 c4 13. Be2 Rc8 14. Nd2 a6 15. h4 Ne8 16. Bh6 Ng7 17. g3 Nf6 18. Nf3 Re8 19. Kg2 Bf8 20. Qd1 Rc7 21. Rh1 Ne6 22. Bxf8 Kxf8 23. b4 Ng7 24. Re1 Rce7 1/2-1/2

[Event "Schleswig Holstein-ch Seniors op 9th"]
[Site "Buesum"]
[Date "2015.09.28"]
[Round "1"]
[White "Lehr, Thomas"]
[Black "Ketelsen, Herbert"]
[Result "1-0"]
[WhiteElo "1924"]
[BlackElo "1194"]
[PlyCount "45"]
[EventDate "2015.09.28"]
[EventType "swiss"]
[EventRounds "9"]
[EventCountry "GER"]
[SourceTitle "EXT 2018"]
[Source "ChessBase"]
[SourceDate "2017.10.13"]
[SourceVersion "1"]
[SourceVersionDate "2017.10.13"]
[SourceQuality "1"]

1. e4 e5 2. Nf3 d6 3. d4 exd4 4. Bc4 Be7 5. Nxd4 Nf6 6. Nc3 b6 7. Bb5+ Nfd7 8. Nf5 0-0 9. 0-0 Ne5 10. Nxe7+ Qxe7 11. f4 Ng6 12. f5 Ne5 13. f6 gxf6 14. Nd5 Qd8 15. Nxf6+ Kg7 16. Bh6+ Kh8 17. Qh5 Rg8 18. Bf8 Rg7 19. Bxg7+ Kxg7 20. Qxh7+ Kf8 21. Qh8+ Ke7 22. Nd5+ Ke6 23. Rf6+ 1-0

[Event "Schleswig Holstein-ch Seniors"]
[Site "Leck"]
[Date "2014.04.14"]
[Round "3"]
[White "Ketelsen, Herbert"]
[Black "Gutschenreiter, Donato"]
[Result "1/2-1/2"]
[WhiteElo "1280"]
[BlackElo "1149"]
[PlyCount "132"]
[EventDate "2014.04.12"]
[EventType "swiss"]
[EventRounds "9"]
[EventCountry "GER"]
[SourceTitle "EXT 2018"]
[Source "ChessBase"]
[SourceDate "2017.10.13"]
[SourceVersion "1"]
[SourceVersionDate "2017.10.13"]
[SourceQuality "1"]

1. d4 d5 2. c4 c6 3. Nf3 Nf6 4. Nc3 Bf5 5. e3 e6 6. c5 Nbd7 7. h3 Be7 8. Bd3 Bxd3 9. Qxd3 0-0 10. 0-0 b6 11. b4 b5 12. Bd2 Qc7 13. Rfe1 e5 14. e4 exd4 15. Nxd4 dxe4 16. Nxe4 Rfe8 17. Re2 Rac8 18. Rae1 h6 19. Nxf6+ Nxf6 20. Bc3 Qd7 21. Qf3 Bd8 22. Rxe8+ Nxe8 23. Nf5 f6 24. Qg4 Kh7 25. Qe4 Qd5 26. Qg4 Qc4 27. Qxc4 bxc4 28. Rxe8 g6 29. Nd6 Rb8 30. Nxc4 Kg7 31. Na5 Kf7 32. Re2 Bxa5 33. bxa5 Rb5 34. Kf1 Rxc5 35. Bb4 Rc1+ 36. Re1 Rxe1+ 37. Kxe1 a6 38. Kd2 Ke6 39. Kd3 Kd5 40. g4 c5 41. Bc3 f5 42. Bg7 fxg4 43. hxg4 h5 44. gxh5 gxh5 45. Bf6 Ke6 46. Bh4 Kd5 47. f4 c4+ 48. Kc3 Ke4 49. Bg5 h4 50. Bxh4 Kxf4 51. Kxc4 Ke5 52. Kc5 Ke6 53. Kb6 Kd7 54. Kxa6 Kc8 55. Kb6 Kb8 56. a6 Ka8 57. Bf2 Kb8 58. a7+ Ka8 59. Ka5 Kb7 60. a4 Ka8 61. Kb5 Kb7 62. a5 Ka8 63. Kc5 Kxa7 64. Kb5+ Kb7 65. Bb6 Kb8 66. Ka6 Ka8 1/2-1/2

[Event "Schleswig-Holstein-ch Basis"]
[Site "Buesum"]
[Date "2010.03.29"]
[Round "4"]
[White "Lukat, Michael"]
[Black "Ketelsen, Herbert"]
[Result "1-0"]
[WhiteElo "1319"]
[BlackElo "1453"]
[PlyCount "69"]
[EventDate "2010.03.27"]
[EventType "swiss"]
[EventRounds "9"]
[EventCountry "GER"]
[SourceTitle "EXT 2023"]
[Source "ChessBase"]
[SourceDate "2022.10.05"]
[SourceVersion "1"]
[SourceVersionDate "2022.10.05"]
[SourceQuality "1"]

1. d4 d5 2. Nf3 e6 3. Bf4 Nf6 4. h3 Be7 5. e3 b6 6. c3 0-0 7. Nbd2 Bb7 8. Qc2 Nbd7 9. Ne5 c5 10. Be2 Rc8 11. g4 cxd4 12. exd4 Ne8 13. Nxd7 Qxd7 14. Bd3 f5 15. 0-0-0 g6 16. Bh6 Rf7 17. Nf3 Bf6 18. gxf5 exf5 19. Bg5 Qd6 20. Bxf6 Rxf6 21. Ne5 a6 22. f4 b5 23. b4 Qc7 24. Kb2 Ng7 25. h4 a5 26. a3 axb4 27. axb4 Bc6 28. Rdg1 Ra8 29. h5 Be8 30. hxg6 hxg6 31. Qh2 Kf8 32. Qh8+ Ke7 33. Qxg7+ Bf7 34. Nxg6+ Kd6 35. Qxf6+ 1-0

[Event "Schleswig-Holstein-ch Basis"]
[Site "Buesum"]
[Date "2010.03.27"]
[Round "1"]
[White "Makarov, Anatoliy"]
[Black "Ketelsen, Herbert"]
[Result "0-1"]
[WhiteElo "1292"]
[BlackElo "1453"]
[PlyCount "82"]
[EventDate "2010.03.27"]
[EventType "swiss"]
[EventRounds "9"]
[EventCountry "GER"]
[SourceTitle "EXT 2023"]
[Source "ChessBase"]
[SourceDate "2022.10.05"]
[SourceVersion "1"]
[SourceVersionDate "2022.10.05"]
[SourceQuality "1"]

1. d4 d5 2. c4 e6 3. a3 Nf6 4. Bg5 Be7 5. Nc3 a6 6. e3 Nbd7 7. Nf3 0-0 8. Qc2 dxc4 9. Bxc4 b5 10. Bd3 Bb7 11. e4 g6 12. 0-0 c5 13. dxc5 Nxc5 14. Rad1 Qc7 15. b4 Nxd3 16. Qxd3 Rad8 17. Qe2 Bxe4 18. Qb2 Bxf3 19. gxf3 Qe5 20. f4 Qf5 21. Ne2 Nd5 22. Ng3 Qg4 23. Bxe7 Nxe7 24. Rxd8 Rxd8 25. Qf6 Re8 26. Re1 Nf5 27. Qe5 Nh4 28. Qe2 Qxf4 29. Rd1 Nf3+ 30. Kg2 Nd4 31. Qd3 e5 32. Re1 f5 33. Re3 Rd8 34. f3 Re8 35. Ne2 Nxe2 36. Qd5+ Kf8 37. Rxe2 e4 38. Qc5+ Kg7 39. Qd4+ Kh6 40. fxe4 Rxe4 41. Rxe4 fxe4 0-1

[Event "Schleswig Holstein-ch Basis 63rd"]
[Site "Gross Groenau"]
[Date "2008.03.21"]
[Round "9"]
[White "Ketelsen, Herbert"]
[Black "Grossmann, Johannes"]
[Result "1/2-1/2"]
[WhiteElo "1327"]
[BlackElo "1245"]
[PlyCount "46"]
[EventDate "2008.03.15"]
[EventType "swiss"]
[EventRounds "9"]
[EventCountry "GER"]
[SourceTitle "EXT 2010"]
[Source "ChessBase"]
[SourceDate "2010.11.25"]
[SourceVersion "1"]
[SourceVersionDate "2010.11.25"]
[SourceQuality "1"]

1. e4 d5 2. exd5 Qxd5 3. Nc3 Qa5 4. d3 c6 5. Bd2 Qc7 6. Nf3 Nf6 7. Bg5 Nbd7 8. Be2 e6 9. 0-0 Bd6 10. h3 0-0 11. Re1 Bb4 12. Bd2 Re8 13. Bf1 Bd6 14. Ne4 Nxe4 15. Rxe4 Nf6 16. Re1 e5 17. c3 Bf5 18. Bg5 Nd5 19. Qd2 f6 20. Bh4 Nf4 21. Bg3 e4 22. Nh4 Bg6 23. d4 Rad8 1/2-1/2

[Event "Schleswig Holstein-ch Basis 63rd"]
[Site "Gross Groenau"]
[Date "2008.03.19"]
[Round "6"]
[White "Remstedt, Ute"]
[Black "Ketelsen, Herbert"]
[Result "0-1"]
[WhiteElo "1487"]
[BlackElo "1327"]
[PlyCount "58"]
[EventDate "2008.03.15"]
[EventType "swiss"]
[EventRounds "9"]
[EventCountry "GER"]
[SourceTitle "EXT 2010"]
[Source "ChessBase"]
[SourceDate "2010.11.25"]
[SourceVersion "1"]
[SourceVersionDate "2010.11.25"]
[SourceQuality "1"]

1. d4 d5 2. Nf3 Nc6 3. e3 e6 4. c4 Nf6 5. cxd5 Nxd5 6. a3 Bd6 7. e4 Nb6 8. Bd3 0-0 9. Nc3 e5 10. d5 Ne7 11. h3 f5 12. b4 fxe4 13. Bxe4 Bf5 14. Bxf5 Nxf5 15. Ng5 Qf6 16. Nce4 Qg6 17. h4 h6 18. h5 Qe8 19. Ne6 Rf7 20. Qg4 Nxd5 21. N6c5 Rb8 22. 0-0 Bxc5 23. Nxc5 b6 24. Nd3 Rd8 25. Rd1 c6 26. Ra2 Nc3 27. Rad2 Nxd1 28. Qxd1 Rfd7 29. Bb2 e4 0-1

[Event "Schleswig Holstein-ch Basis 56th"]
[Site "Eckernfoerde"]
[Date "2001.04.??"]
[Round "4"]
[White "Ketelsen, Herbert"]
[Black "Hansen, Kerstin"]
[Result "0-1"]
[WhiteElo "1456"]
[BlackElo "1445"]
[PlyCount "58"]
[EventDate "2001.04.??"]
[EventType "swiss"]
[EventRounds "9"]
[EventCountry "GER"]
[SourceTitle "EXT 2004"]
[Source "ChessBase"]
[SourceDate "2003.11.25"]
[SourceVersion "1"]
[SourceVersionDate "2003.11.25"]
[SourceQuality "1"]

1. d4 e6 2. Nf3 d5 3. c4 Nf6 4. e3 Bd6 5. Bd3 0-0 6. Qc2 h6 7. 0-0 Nc6 8. a3 e5 9. cxd5 Nxd5 10. e4 Nf6 11. Be3 Bg4 12. Nbd2 Re8 13. d5 Ne7 14. h3 Bxf3 15. Nxf3 c6 16. Qd2 cxd5 17. exd5 Nexd5 18. Bxh6 gxh6 19. Qxh6 e4 20. Nh4 exd3 21. Nf5 Bf8 22. Qg5+ Kh7 23. g4 Ne4 24. Qh5+ Kg8 25. h4 Ndf6 26. Nh6+ Bxh6 27. Qxh6 Qb6 28. Qf4 Rad8 29. g5 Nd5 0-1